Questioning history: Excluded citizen and state response to demand for inclusion (Record no. 97314)
[ view plain ]
| 000 -LEADER | |
|---|---|
| fixed length control field | 00371pab a2200133 454500 |
| 008 - FIXED-LENGTH DATA ELEMENTS--GENERAL INFORMATION | |
| fixed length control field | 180718b xxu||||| |||| 00| 0 eng d |
| 100 ## - MAIN ENTRY--PERSONAL NAME | |
| Personal name | Sabar, Bhubaneswar |
| 245 ## - TITLE STATEMENT | |
| Title | Questioning history: Excluded citizen and state response to demand for inclusion |
| 300 ## - PHYSICAL DESCRIPTION | |
| Extent | p.241-248. |
| 650 ## - SUBJECT ADDED ENTRY--TOPICAL TERM | |
| Topical term or geographic name entry element | Tribes |
| 773 ## - HOST ITEM ENTRY | |
| Main entry heading | Economic and Political Weekly |
| 908 ## - PUT COMMAND PARAMETER (RLIN) | |
| Put command parameter | N |
| 909 ## - | |
| -- | 97314 |
| Withdrawn status | Lost status | Damaged status | Not for loan | Permanent Location | Current Location | Date acquired | Serial Enumeration / chronology | Barcode | Date last seen | Price effective from | Koha item type |
|---|---|---|---|---|---|---|---|---|---|---|---|
| Indian Institute of Public Administration | Indian Institute of Public Administration | 2018-07-19 | Volume no: 47, Issue no: 26-27 | AR97774 | 2018-07-19 | 2018-07-19 | Articles |
